[Event "37th Belgrade Trophy 2024"]
[Site "Belgrade"]
[Date "2024.11.26"]
[Round "4.5"]
[White "Sutormin, Danila"]
[Black "Kerner, Michael"]
[Result "1-0"]
[WhiteElo "2394"]
[BlackElo "2086"]
[Annotator "TA"]
[PlyCount "119"]
[EventDate "2024.11.23"]
[EventCountry "SRB"]
[SourceTitle "playchess.com"]
[Source "ChessBase"]
[SourceQuality "1"]
[TimeControl "40/5400+30:900+30"]

{[%evp 30,119,41,41,179,180,188,187,179,177,218,192,209,205,282,256,312,300,341,330,404,391,508,465,633,630,668,629,610,409,387,332,327,315,328,303,327,322,249,99,175,-352,310,295,295,256,270,261,294,266,566,510,518,510,469,429,748,628,872,784,1741,836,2718,1881,593,410,346,249,525,537,557,549,513,512,538,475,1350,1343,3524,4062,2426,1717,1253,874,640,593,4672,4672,4628,3004,2258,1580]} 1. e4 {[%emt 0:05:57]} c6 {[%emt 0:01:22]} 2. d4 {[%emt 0:00:09]} d5 {[%emt 0:00:07]} 3. e5 {[%emt 0:00:48]} c5 {[%emt 0:00:07]} 4. Nf3 {[%emt 0:00:32]} Nc6 {[%emt 0:01:04]} 5. dxc5 {[%emt 0:06:03]} Bg4 {[%emt 0:00:39]} 6. c3 {[%emt 0:01:16]} e6 {[%emt 0:01:06]} 7. Be3 {[%emt 0:08:51]} Nh6 {[%emt 0:16:40]} 8. Bb5 {[%emt 0:03:43]} Qc7 {[%emt 0:06:56]} 9. Nbd2 {[%emt 0:04:44]} Nf5 {[%emt 0:03:38]} 10. Bd4 {[%emt 0:02:48]} Be7 {[%emt 0:02:31]} 11. O-O {[%emt 0:09:08]} O-O {[%emt 0:01:15]} 12. Qa4 {[%emt 0:03:27]} Bh5 {[%emt 0:11:59]} 13. Rfe1 {[%emt 0:03:44]} g5 {[%emt 0:12:42]} 14. h3 {[%emt 0:03:34]} Bg6 {[%emt 0:02:34]} 15. g4 {[%emt 0:12:37]} Nfxd4 {[%emt 0:04:20]} 16. cxd4 {[%emt 0:00:24]} f5 {[%emt 0:01:13]} (16... a6 $14 17. Bxc6 Qxc6) 17. exf6 $18 {[%emt 0:01:24]} Rxf6 {[%emt 0:00:16]} 18. Bxc6 $1 {[%emt 0:04:00]} (18. Nxg5 $2 Rxf2 19. Nf1 Qf4 (19... Rxb2 20. Nxe6 Qd7 21. Bxc6 $15) 20. Nxe6 Qf3 $19) 18... bxc6 {[%emt 0:02:49]} 19. Ne5 $1 {[%emt 0:00:37]} (19. Nxg5 $2 Rxf2 20. Re5 Rxd2 $19) 19... Rc8 {[%emt 0:04:20]} 20. Re3 {[%emt 0:07:37]} Be8 {[%emt 0:04:36]} 21. Rae1 {[%emt 0:00:23]} Bf8 {[%emt 0:03:47]} 22. Ra3 {[%emt 0:06:06]} Rf4 {[%emt 0:03:00]} 23. Nd3 {[%emt 0:00:51]} (23. Qxa7 $6 Qxa7 24. Rxa7 Rxd4 $18) 23... Rf7 {[%emt 0:04:49]} 24. Rxe6 {[%emt 0:00:54]} Bg7 {[%emt 0:03:07]} 25. Ne5 {[%emt 0:05:17]} Rf4 {[%emt 0:00:29]} 26. Ndf3 {[%emt 0:01:37]} a6 {[%emt 0:05:52]} 27. Qxa6 {[%emt 0:01:45]} Bxe5 {[%emt 0:01:20]} 28. Rxe5 {[%emt 0:00:29]} Bg6 {[%emt 0:00:08]} 29. Qb6 {[%emt 0:03:18]} Qg7 {[%emt 0:00:17]} 30. Ree3 {[%emt 0:01:53]} (30. Nxg5 Qf6 $18) 30... Rcf8 {[%emt 0:00:11]} 31. Qxc6 {[%emt 0:01:13]} Be4 {[%emt 0:00:11]} 32. Qe6+ {[%emt 0:00:34]} Kh8 {[%emt 0:00:12] [#]} 33. Kg2 $1 {[%emt 0:00:27]} Qxd4 {[%emt 0:00:45]} 34. Kg3 {[%emt 0:00:17]} (34. c6 $18 Qg7 35. Qd6) 34... Qxb2 {[%emt 0:00:48]} (34... Qg7 $16) 35. c6 $4 {[%emt 0:00:56][%mdl 8192] [#]} (35. Nxg5 $2 Qxf2#) (35. Qe5+ $18 {and life is good for White.} Qxe5 36. Nxe5 Rxf2 37. h4) 35... Qa1 $4 {[%emt 0:00:16][%mdl 8192]} (35... Rxf3+ $1 $19 {and all is fine.} 36. Rxf3 Qb8+ 37. Kg2 Qf4 (37... Rxf3 $2 38. Rxf3 Qf4 39. Qe8+ Kg7 40. Qd7+ Kh6 41. Qe6+ Kg7 42. Qe7+ Kg8 43. Qa3 $18)) 36. Qe5+ $18 {[%emt 0:00:27]} ({Weaker is} 36. Nxg5 Qg1+ 37. Kh4 Qxf2+ 38. Rg3 R4f6 39. Nxe4 (39. Qe5 $2 Qf4 $19) 39... Qxg3+ 40. Nxg3 (40. Kxg3 $2 Rxe6 41. Nd2 Rxc6 $17) 40... Rxe6 $11) 36... Qxe5 {[%emt 0:00:07]} 37. Nxe5 {[%emt 0:00:02]} Rxf2 {[%emt 0:00:21]} 38. Nf3 {[%emt 0:00:48]} Rc2 {[%emt 0:01:14]} 39. Nxg5 {[%emt 0:00:12]} Bg6 $2 {[%emt 0:01:15]} (39... Rxc6 {was necessary.} 40. Nxe4 dxe4 41. Rxe4 Rf7) 40. Ne6 {[%emt 0:00:38]} Rc8 {[%emt 0:00:19]} 41. Rec3 {[%emt 0:15:54]} Re2 {[%emt 0:15:23]} 42. Nf4 {[%emt 0:00:31]} Rd2 {[%emt 0:00:42]} (42... Re5 $142 43. Rc5 Be8) 43. Nxg6+ $18 {[%emt 0:00:31]} hxg6 {[%emt 0:00:02]} 44. c7 {[%emt 0:00:31]} d4 {[%emt 0:00:08]} 45. Rc4 {[%emt 0:00:22]} (45. Rab3 $142 Re2 46. Rb8) 45... d3 {[%emt 0:00:22]} 46. Rb3 {[%emt 0:00:29]} Kg7 {[%emt 0:00:19]} 47. a4 {[%emt 0:00:00]} Rd1 {[%emt 0:00:00]} 48. Rd4 {[%emt 0:00:00]} d2 $2 {[%emt 0:00:00]} (48... Rxc7 49. Rdxd3 (49. Rbxd3 Ra1 $18) 49... Ra1) 49. Rd7+ $18 {[%emt 0:00:00]} Kf6 {[%emt 0:00:00]} 50. Rbd3 {[%emt 0:00:00]} Rg1+ {[%emt 0:00:00]} 51. Kf4 {[%emt 0:01:04]} g5+ {[%emt 0:00:00]} 52. Ke3 {[%emt 0:00:05]} d1=Q {[%emt 0:00:00]} (52... Rxc7 $142 53. Rxc7 d1=Q 54. Rc6+ Kg7 55. Rxd1 Rxd1) 53. Rxd1 $18 {[%emt 0:00:06]} Rxd1 {[%emt 0:00:00]} 54. Rxd1 {[%emt 0:00:02]} Rxc7 {[%emt 0:00:00]} 55. Ra1 {[%emt 0:00:46]} Ke5 {[%emt 0:00:00]} 56. Ra3 {[%emt 0:02:28]} Rc2 {[%emt 0:01:19]} 57. Kf3 {[%emt 0:00:28]} Kd4 {[%emt 0:00:01]} 58. a5 {[%emt 0:00:18]} Rc7 {[%emt 0:01:13]} 59. a6 {[%emt 0:00:04]} Ra7 {[%emt 0:00:03]} 60. Ra5 {[%emt 0:00:21]} 1-0

[Event "37th Belgrade Trophy 2024"]
[Site "Belgrade"]
[Date "2024.11.26"]
[Round "4.7"]
[White "Gevorgyan, David Sh."]
[Black "Poleksic, Dusan"]
[Result "1/2-1/2"]
[WhiteElo "2247"]
[BlackElo "1998"]
[Annotator "RC"]
[PlyCount "111"]
[EventDate "2024.11.23"]
[EventCountry "SRB"]
[SourceTitle "playchess.com"]
[Source "ChessBase"]
[SourceQuality "1"]
[TimeControl "40/5400+30:900+30"]

1. d4 {[%emt 0:02:46]} Nf6 {[%emt 0:00:04]} 2. c4 {[%emt 0:00:05]} c5 {[%emt 0:00:03]} 3. d5 {[%emt 0:00:03]} b5 {[%emt 0:00:03]} 4. cxb5 {[%emt 0:00:04]} a6 {[%emt 0:00:03]} 5. bxa6 {[%emt 0:00:04]} Bxa6 {[%emt 0:00:04]} 6. Nc3 {[%emt 0:00:04]} d6 {[%emt 0:00:20]} 7. e4 {[%emt 0:00:30]} Bxf1 {[%emt 0:00:05]} 8. Kxf1 {[%emt 0:00:04]} g6 {[%emt 0:00:06]} 9. g3 {[%emt 0:00:04]} Bg7 {[%emt 0:00:03]} 10. Nf3 {[%emt 0:00:14]} O-O {[%emt 0:00:07]} 11. Kg2 {[%emt 0:00:04]} Na6 {[%emt 0:08:53]} 12. Qe2 {[%emt 0:06:02]} Qb6 {[%emt 0:06:48]} 13. Bf4 {[%emt 0:17:38]} Nc7 {[%emt 0:08:39]} 14. Rad1 {[%emt 0:04:48]} Qa6 {[%emt 0:13:29]} 15. Rhe1 {[%emt 0:10:01]} Nh5 {[%emt 0:08:48]} 16. Bg5 {[%emt 0:04:53]} Bxc3 {[%emt 0:04:07]} 17. bxc3 {[%emt 0:04:06]} f6 {[%emt 0:02:31]} 18. Bh6 {[%emt 0:01:36]} Qxe2 {[%emt 0:01:46]} 19. Rxe2 {[%emt 0:00:15]} Rfb8 {[%emt 0:00:13]} 20. c4 {[%emt 0:16:23]} Ra3 {[%emt 0:07:14]} 21. Rc2 {[%emt 0:11:36]} Na6 {[%emt 0:14:47]} 22. Bd2 {[%emt 0:02:52]} Kf7 {[%emt 0:03:14]} 23. Bc3 {[%emt 0:02:48]} Nb4 {[%emt 0:01:11]} 24. Bxb4 {[%emt 0:00:31]} Rxb4 {[%emt 0:01:50]} 25. Nd2 {[%emt 0:06:58]} Rba4 {[%emt 0:04:59]} 26. Ra1 {[%emt 0:00:10]} Ng7 {[%emt 0:00:56]} 27. f4 {[%emt 0:03:18]} e6 {[%emt 0:03:35]} 28. Kf2 {[%emt 0:01:08]} Ra7 {[%emt 0:03:27]} 29. Rb1 {[%emt 0:05:00]} Ne8 {[%emt 0:05:12]} 30. Rbb2 {[%emt 0:00:18]} Nc7 {[%emt 0:00:26]} 31. Rb6 {[%emt 0:00:43]} exd5 {[%emt 0:01:25]} 32. exd5 {[%emt 0:00:47]} Rxa2 {[%emt 0:00:32]} 33. Rxa2 {[%emt 0:00:05]} Rxa2 {[%emt 0:00:03]} 34. Ke3 {[%emt 0:01:00]} Ra3+ {[%emt 0:01:14]} 35. Ke2 {[%emt 0:00:08]} Ke7 {[%emt 0:01:05]} 36. Ne4 {[%emt 0:00:47]} Ra2+ {[%emt 0:00:01]} 37. Kd3 {[%emt 0:00:23]} Ra6 {[%emt 0:01:02]} 38. Rb7 {[%emt 0:00:15]} Kd8 {[%emt 0:00:29]} 39. Rb8+ {[%emt 0:00:36]} Ke7 {[%emt 0:00:19]} 40. Rb7 {[%emt 0:00:10]} Kd8 {[%emt 0:00:12]} 41. Nxf6 {[%emt 0:15:17]} Kc8 {[%emt 0:02:12]} 42. Rb2 {[%emt 0:00:00]} h5 {[%emt 0:01:30]} 43. Nh7 {[%emt 0:01:10]} Ra3+ {[%emt 0:02:45]} 44. Kd2 {[%emt 0:01:09]} h4 {[%emt 0:02:39]} 45. gxh4 {[%emt 0:00:22]} Rh3 {[%emt 0:00:07]} 46. Rb6 {[%emt 0:00:43]} Rxh4 {[%emt 0:01:04]} 47. Nf8 {[%emt 0:00:06]} Rxf4 {[%emt 0:01:43]} 48. Nxg6 {[%emt 0:00:26]} Rxc4 {[%emt 0:01:52]} 49. Rxd6 {[%emt 0:00:14]} Rd4+ {[%emt 0:00:20]} 50. Kc1 {[%emt 0:00:42]} Kb7 {[%emt 0:01:56]} 51. Ne7 {[%emt 0:00:29]} Nb5 {[%emt 0:02:45]} 52. Rd7+ {[%emt 0:00:18]} Kb6 {[%emt 0:00:33]} 53. Nf5 {[%emt 0:01:04]} Rd3 {[%emt 0:01:53]} 54. h4 {[%emt 0:00:27]} c4 {[%emt 0:01:01]} 55. Nd6 {[%emt 0:00:42]} Nxd6 {[%emt 0:00:24]} 56. Rxd6+ {[%emt 0:00:08]} 1/2-1/2

[Event "37th Belgrade Trophy 2024"]
[Site "Belgrade"]
[Date "2024.11.26"]
[Round "4.8"]
[White "Pavlovic, Luka"]
[Black "Divljan, Igor"]
[Result "0-1"]
[WhiteElo "2088"]
[BlackElo "2221"]
[Annotator "RC"]
[PlyCount "66"]
[EventDate "2024.11.23"]
[EventCountry "SRB"]
[SourceTitle "playchess.com"]
[Source "ChessBase"]
[SourceQuality "1"]
[TimeControl "40/5400+30:900+30"]

1. e4 {[%emt 0:05:47]} c5 {[%emt 0:00:23]} 2. Nf3 {[%emt 0:00:37]} e6 {[%emt 0:00:35]} 3. d4 {[%emt 0:00:19]} cxd4 {[%emt 0:00:47]} 4. Nxd4 {[%emt 0:00:08]} a6 {[%emt 0:00:42]} 5. Nc3 {[%emt 0:00:25]} Qc7 {[%emt 0:02:17]} 6. a3 {[%emt 0:01:04]} Nc6 {[%emt 0:02:35]} 7. Be3 {[%emt 0:00:39]} b5 {[%emt 0:09:03]} 8. Nxc6 {[%emt 0:00:55]} dxc6 {[%emt 0:00:45]} 9. Qg4 {[%emt 0:00:58]} Nf6 {[%emt 0:10:58]} 10. Qg3 {[%emt 0:00:29]} Qxg3 {[%emt 0:03:02]} 11. hxg3 {[%emt 0:00:10]} Bb7 {[%emt 0:04:44]} 12. f3 {[%emt 0:03:33]} Be7 {[%emt 0:06:23]} 13. a4 {[%emt 0:03:08]} O-O {[%emt 0:04:07]} 14. Be2 {[%emt 0:01:08]} Rfd8 {[%emt 0:12:23]} 15. Kf2 {[%emt 0:00:42]} Nd7 {[%emt 0:03:44]} 16. f4 {[%emt 0:05:37]} b4 {[%emt 0:03:35]} 17. Nb1 {[%emt 0:01:24]} Bc5 {[%emt 0:03:28]} 18. Bf3 {[%emt 0:07:04]} e5 {[%emt 0:05:32]} 19. Rd1 {[%emt 0:09:11]} a5 {[%emt 0:02:02]} 20. Nd2 {[%emt 0:03:25]} Bxe3+ {[%emt 0:01:55]} 21. Kxe3 {[%emt 0:00:07]} Nb6 {[%emt 0:00:11]} 22. b3 {[%emt 0:06:51]} Rd4 {[%emt 0:04:40]} 23. Nf1 {[%emt 0:11:32]} c5 {[%emt 0:00:35]} 24. fxe5 {[%emt 0:03:58]} Rad8 {[%emt 0:00:20]} 25. Rxd4 {[%emt 0:10:43]} cxd4+ {[%emt 0:00:10]} 26. Kf4 {[%emt 0:00:31]} h6 {[%emt 0:03:19]} 27. Rd1 {[%emt 0:06:39]} g5+ {[%emt 0:02:53]} 28. Kg4 {[%emt 0:01:59]} Nd7 {[%emt 0:00:47]} 29. Kh5 {[%emt 0:00:46]} Nxe5 {[%emt 0:00:25]} 30. Ne3 {[%emt 0:03:36]} dxe3 {[%emt 0:08:13]} 31. Rxd8+ {[%emt 0:00:05]} Kg7 {[%emt 0:00:04]} 32. Rd3 {[%emt 0:07:00]} Bc6 {[%emt 0:01:08]} 33. Be2 {[%emt 0:02:36]} Bxe4 {[%emt 0:00:19]} 0-1

[Event "37th Belgrade Trophy 2024"]
[Site "Belgrade"]
[Date "2024.11.26"]
[Round "4.9"]
[White "Triantafilidis, Mihail"]
[Black "Vulinovic, Radivoje"]
[Result "1-0"]
[WhiteElo "2200"]
[BlackElo "2040"]
[Annotator "RC"]
[PlyCount "128"]
[EventDate "2024.11.23"]
[EventCountry "SRB"]
[SourceTitle "playchess.com"]
[Source "ChessBase"]
[SourceQuality "1"]
[TimeControl "40/5400+30:900+30"]

1. e4 {[%emt 0:00:11]} e5 {[%emt 0:27:42]} 2. Bc4 {[%emt 0:01:23]} Nf6 {[%emt 0:00:11]} 3. d3 {[%emt 0:00:08]} Nc6 {[%emt 0:02:47]} 4. Nf3 {[%emt 0:00:10]} Be7 {[%emt 0:00:56]} 5. O-O {[%emt 0:00:20]} O-O {[%emt 0:00:17]} 6. Re1 {[%emt 0:00:09]} d6 {[%emt 0:00:39]} 7. a4 {[%emt 0:06:58]} Be6 {[%emt 0:00:44]} 8. Na3 {[%emt 0:02:03]} Bxc4 {[%emt 0:01:39]} 9. Nxc4 {[%emt 0:00:11]} Nd7 {[%emt 0:04:02]} 10. c3 {[%emt 0:05:16]} f5 {[%emt 0:03:18]} 11. Ne3 {[%emt 0:07:10]} f4 {[%emt 0:07:13]} 12. Nd5 {[%emt 0:01:50]} Kh8 {[%emt 0:00:25]} 13. b4 {[%emt 0:00:20]} g5 {[%emt 0:01:04]} 14. h3 {[%emt 0:00:18]} Rg8 {[%emt 0:00:35]} 15. Nh2 {[%emt 0:00:48]} Rc8 {[%emt 0:00:58]} 16. Bb2 {[%emt 0:05:24]} Bf8 {[%emt 0:00:25]} 17. a5 {[%emt 0:05:04]} a6 {[%emt 0:00:18]} 18. Qh5 {[%emt 0:05:51]} Ncb8 {[%emt 0:01:45]} 19. c4 {[%emt 0:02:25]} c6 {[%emt 0:03:51]} 20. Nc3 {[%emt 0:00:05]} Nf6 {[%emt 0:00:41]} 21. Qd1 {[%emt 0:00:55]} Qe8 {[%emt 0:02:49]} 22. Na4 {[%emt 0:02:16]} Rc7 {[%emt 0:00:21]} 23. d4 {[%emt 0:02:18]} Rcg7 {[%emt 0:01:26]} 24. Ng4 {[%emt 0:01:19]} Nxg4 {[%emt 0:00:41]} 25. hxg4 {[%emt 0:00:09]} Nd7 {[%emt 0:00:14]} 26. Ra3 {[%emt 0:02:15]} h5 {[%emt 0:03:03]} 27. Rh3 {[%emt 0:02:51]} Rh7 {[%emt 0:00:07]} 28. c5 {[%emt 0:00:49]} Nf6 {[%emt 0:00:45]} 29. f3 {[%emt 0:11:16]} hxg4 {[%emt 0:02:46]} 30. Rxh7+ {[%emt 0:02:44]} Kxh7 {[%emt 0:00:07]} 31. Kf2 {[%emt 0:14:44]} g3+ {[%emt 0:02:37]} 32. Ke2 {[%emt 0:01:12]} Kg6 {[%emt 0:00:06]} 33. Nb6 {[%emt 0:01:28]} g4 {[%emt 0:01:37]} 34. dxe5 {[%emt 0:00:36]} dxe5 {[%emt 0:01:02]} 35. Nc4 {[%emt 0:00:12]} gxf3+ {[%emt 0:00:28]} 36. gxf3 {[%emt 0:00:24]} Qe6 {[%emt 0:03:15]} 37. Nxe5+ {[%emt 0:00:46]} Kg5 {[%emt 0:00:40]} 38. Nd3 {[%emt 0:08:07]} Nh5 {[%emt 0:03:38]} 39. Rh1 {[%emt 0:02:26]} Qc4 {[%emt 0:00:32]} 40. Rxh5+ {[%emt 0:06:19]} Kxh5 {[%emt 0:00:15]} 41. Qh1+ {[%emt 0:05:32]} Kg6 {[%emt 0:21:13]} 42. Kd2 {[%emt 0:01:43]} Bg7 {[%emt 0:05:57]} 43. Nxf4+ {[%emt 0:00:48]} Kf7 {[%emt 0:00:39]} 44. Qh5+ {[%emt 0:00:40]} Ke7 {[%emt 0:02:48]} 45. Qg5+ {[%emt 0:00:20]} Ke8 {[%emt 0:09:14]} 46. Bxg7 {[%emt 0:02:13]} Qxb4+ {[%emt 0:00:14]} 47. Ke3 {[%emt 0:02:41]} Qc3+ {[%emt 0:01:22]} 48. Bxc3 {[%emt 0:00:26]} Rxg5 {[%emt 0:00:05]} 49. Ng2 {[%emt 0:00:15]} Rxc5 {[%emt 0:00:07]} 50. Bd2 {[%emt 0:01:05]} Rb5 {[%emt 0:00:15]} 51. f4 {[%emt 0:01:55]} Rb3+ {[%emt 0:00:10]} 52. Ke2 {[%emt 0:02:58]} c5 {[%emt 0:00:09]} 53. Ne3 {[%emt 0:00:11]} Rb2 {[%emt 0:00:21]} 54. e5 {[%emt 0:01:26]} c4 {[%emt 0:00:09]} 55. Nxc4 {[%emt 0:00:56]} g2 {[%emt 0:02:38]} 56. Kf2 {[%emt 0:00:03]} Rc2 {[%emt 0:00:19]} 57. Kxg2 {[%emt 0:00:29]} Rxc4 {[%emt 0:00:05]} 58. Kf3 {[%emt 0:00:20]} Rc5 {[%emt 0:01:46]} 59. Ke4 {[%emt 0:00:41]} b6 {[%emt 0:00:33]} 60. axb6 {[%emt 0:00:16]} Rb5 {[%emt 0:00:04]} 61. f5 {[%emt 0:01:14]} Rxb6 {[%emt 0:01:22]} 62. e6 {[%emt 0:00:07]} Ke7 {[%emt 0:01:01]} 63. Bg5+ Ke8 64. Bd2 Rb5 {[%emt 0:01:00]} 1-0

[Event "37th Belgrade Trophy 2024"]
[Site "Belgrade"]
[Date "2024.11.26"]
[Round "4.10"]
[White "Javadov, Habil"]
[Black "Milicevic, Aleksa"]
[Result "0-1"]
[WhiteElo "2190"]
[BlackElo "1982"]
[Annotator "RC"]
[PlyCount "104"]
[EventDate "2024.11.23"]
[EventCountry "SRB"]
[SourceTitle "playchess.com"]
[Source "ChessBase"]
[SourceQuality "1"]
[TimeControl "40/5400+30:900+30"]

1. d4 {[%emt 0:00:09]} d6 {[%emt 0:00:03]} 2. Nf3 {[%emt 0:00:07]} Nf6 {[%emt 0:00:19]} 3. Bf4 {[%emt 0:00:07]} Bg4 {[%emt 0:03:17]} 4. Nbd2 {[%emt 0:01:22]} c6 {[%emt 0:01:29]} 5. h3 {[%emt 0:00:21]} Bxf3 {[%emt 0:00:54]} 6. Nxf3 {[%emt 0:00:06]} Qb6 {[%emt 0:00:44]} 7. Qb1 {[%emt 0:07:07]} Nbd7 {[%emt 0:03:23]} 8. c3 {[%emt 0:01:21]} e6 {[%emt 0:03:41]} 9. e3 {[%emt 0:02:43]} Be7 {[%emt 0:00:26]} 10. Bd3 {[%emt 0:01:57]} h6 {[%emt 0:00:31]} 11. g4 {[%emt 0:01:51]} c5 {[%emt 0:08:03]} 12. Rg1 {[%emt 0:03:53]} g5 {[%emt 0:03:05]} 13. Bg3 {[%emt 0:04:15]} cxd4 {[%emt 0:03:52]} 14. exd4 {[%emt 0:01:33]} Nd5 {[%emt 0:03:32]} 15. Qc2 {[%emt 0:04:11]} a6 {[%emt 0:10:37]} 16. Qe2 {[%emt 0:08:36]} Qa5 {[%emt 0:01:31]} 17. Kf1 {[%emt 0:04:00]} Qc7 {[%emt 0:03:57]} 18. Kg2 {[%emt 0:03:34]} Nf4+ {[%emt 0:01:43]} 19. Bxf4 {[%emt 0:00:28]} gxf4 {[%emt 0:00:02]} 20. Rae1 {[%emt 0:02:35]} O-O-O {[%emt 0:00:44]} 21. Kf1 {[%emt 0:01:12]} Kb8 {[%emt 0:01:37]} 22. h4 {[%emt 0:02:03]} e5 {[%emt 0:12:04]} 23. g5 {[%emt 0:06:02]} hxg5 {[%emt 0:04:18]} 24. hxg5 {[%emt 0:00:55]} Rhg8 {[%emt 0:02:06]} 25. Bf5 {[%emt 0:03:44]} f6 {[%emt 0:12:50]} 26. g6 {[%emt 0:05:38]} Rg7 {[%emt 0:00:26]} 27. Rh1 {[%emt 0:05:54]} Nf8 {[%emt 0:03:07]} 28. Nh4 {[%emt 0:02:16]} Re8 {[%emt 0:04:24]} 29. d5 {[%emt 0:04:04]} Qc5 {[%emt 0:00:57]} 30. Be4 {[%emt 0:03:09]} f5 {[%emt 0:06:32]} 31. Nxf5 {[%emt 0:01:38]} Rxg6 {[%emt 0:01:26]} 32. Nxe7 {[%emt 0:02:33]} Rxe7 {[%emt 0:00:17]} 33. Bxg6 {[%emt 0:00:23]} Nxg6 {[%emt 0:00:17]} 34. Qe4 {[%emt 0:02:27]} Nf8 {[%emt 0:02:14]} 35. Rh8 {[%emt 0:01:44]} Rf7 {[%emt 0:00:54]} 36. Rh3 {[%emt 0:06:21]} Ka7 {[%emt 0:00:52]} 37. a3 {[%emt 0:00:45]} Nd7 {[%emt 0:00:46]} 38. b4 {[%emt 0:00:10]} Qc8 {[%emt 0:00:06]} 39. Rf3 {[%emt 0:05:02]} Nf6 {[%emt 0:00:34]} 40. Qd3 {[%emt 0:01:09]} Ng4 {[%emt 0:01:08]} 41. Rh3 {[%emt 0:16:52]} f3 {[%emt 0:13:51]} 42. Rg3 {[%emt 0:00:00]} Qh8 {[%emt 0:00:17]} 43. Rxf3 {[%emt 0:00:00]} Nh2+ {[%emt 0:00:23]} 44. Ke2 {[%emt 0:00:00]} Nxf3 {[%emt 0:00:14]} 45. Qg6 {[%emt 0:00:00]} Rf6 {[%emt 0:00:32]} 46. Rh1 {[%emt 0:00:00]} Qf8 {[%emt 0:01:19]} 47. Qg4 {[%emt 0:00:00]} Rf4 {[%emt 0:00:27]} 48. Qd7 {[%emt 0:00:00]} Ng5 {[%emt 0:00:58]} 49. Rh2 {[%emt 0:00:00]} Ne4 {[%emt 0:00:33]} 50. Rh7 {[%emt 0:00:00]} Rxf2+ {[%emt 0:00:28]} 51. Ke1 {[%emt 0:00:00]} Rf1+ {[%emt 0:00:15]} 52. Ke2 {[%emt 0:00:00]} Qf3# {[%emt 0:00:05]} 0-1